|
|
|
|
| LEADER |
00000naa2a2200000 4500 |
| 001 |
624731 |
| 005 |
20231101133328.0 |
| 035 |
|
|
|a (RuTPU)RU\TPU\conf\23991
|
| 035 |
|
|
|a RU\TPU\conf\23990
|
| 090 |
|
|
|a 624731
|
| 100 |
|
|
|a 20171128d2017 k y0rusy50 ca
|
| 101 |
0 |
|
|a rus
|
| 102 |
|
|
|a RU
|
| 105 |
|
|
|a y z 100zy
|
| 135 |
|
|
|a drgn ---uucaa
|
| 181 |
|
0 |
|a i
|
| 182 |
|
0 |
|a b
|
| 200 |
1 |
|
|a Ретроспективная карта почвенного покрова г. Несвижа (Беларусь) для изучения трансформации городских почв
|f Ю. А. Романкевич
|g науч. рук. В. С. Хомич
|
| 203 |
|
|
|a Текст
|c электронный
|
| 225 |
1 |
|
|a Геоэкология, охрана и защита окружающей среды. Геоинформационные системы в геоэкологии
|
| 230 |
|
|
|a 1 компьютерный файл (pdf; 343 Kb)
|
| 300 |
|
|
|a Заглавие с экрана
|
| 320 |
|
|
|a [Библиогр.: с. 813 (16 назв.)]
|
| 461 |
|
1 |
|0 (RuTPU)RU\TPU\conf\21932
|t Проблемы геологии и освоения недр
|o труды XXI Международного симпозиума имени академика М. А. Усова студентов и молодых ученых, посвященного 130-летию со дня рождения профессора М. И. Кучина, Томск, 3-7 апреля 2017 г.
|o в 2 т.
|f Национальный исследовательский Томский политехнический университет (ТПУ), Институт природных ресурсов (ИПР) ; под ред. А. С. Боева
|d 2017
|
| 463 |
|
1 |
|0 (RuTPU)RU\TPU\conf\21936
|t Т. 1
|v [С. 812-813]
|d 2017
|
| 610 |
1 |
|
|a электронный ресурс
|
| 610 |
1 |
|
|a карты
|
| 610 |
1 |
|
|a почвенный покров
|
| 610 |
1 |
|
|a Беларусь
|
| 610 |
1 |
|
|a городские почвы
|
| 610 |
1 |
|
|a трансформации
|
| 610 |
1 |
|
|a почвообразование
|
| 610 |
1 |
|
|a техногенные изменения
|
| 700 |
|
1 |
|a Романкевич
|b Ю. А.
|
| 702 |
|
1 |
|a Хомич
|b В. С.
|4 727
|
| 712 |
0 |
2 |
|a Национальная Академия наук Беларуси (НАНБ, НАН Беларуси)
|b Институт природопользования
|c (Минск)
|2 stltpush
|3 (RuTPU)RU\TPU\col\17430
|
| 801 |
|
2 |
|a RU
|b 63413507
|c 20171201
|g RCR
|
| 856 |
4 |
|
|u http://earchive.tpu.ru/handle/11683/44376
|
| 942 |
|
|
|c BK
|